Top 4 des classements du Championnat d'Europe de football - Statistiques

Statistiques générales
  • Ce quiz a été pris 261 fois
  • Le résultat moyen est 60 sur 68
Statistiques - réponses
Année 1ère place 2ème place 3ème place 3ème/4ème place odp % Correct
1960 4 miejsce France
99%
1984 1 miejsce France
99%
1996 3 miejsce France
99%
2000 1 miejsce France
99%
2016 2 miejsce France
99%
2024 3 miejsce France
99%
1964 1 miejsce Espagne
98%
1984 2 miejsce Espagne
98%
2008 1 miejsce Espagne
98%
2012 1 miejsce Espagne
98%
2020 3 miejsce Espagne
98%
2024 1 miejsce Espagne
98%
1968 1 miejsce Italie
98%
1980 4 miejsce Italie
98%
1988 3 miejsce Italie
98%
2000 2 miejsce Italie
98%
2012 2 miejsce Italie
98%
2020 1 miejsce Italie
98%
1992 2 miejsce Allemagne
97%
1996 1 miejsce Allemagne
97%
2008 2 miejsce Allemagne
97%
2012 3 miejsce Allemagne
97%
2016 3 miejsce Allemagne
97%
1972 1 miejsce Allemagne de l'Ouest
97%
1976 2 miejsce Allemagne de l'Ouest
97%
1980 1 miejsce Allemagne de l'Ouest
97%
1988 3 miejsce Allemagne de l'Ouest
97%
1968 3 miejsce Angleterre
97%
1996 3 miejsce Angleterre
97%
2020 2 miejsce Angleterre
97%
2024 2 miejsce Angleterre
97%
1984 3 miejsce Portugal
96%
2000 3 miejsce Portugal
96%
2004 2 miejsce Portugal
96%
2012 3 miejsce Portugal
96%
2016 1 miejsce Portugal
96%
1976 3 miejsce Pays-Bas
93%
1988 1 miejsce Pays-Bas
93%
1992 3 miejsce Pays-Bas
93%
2000 3 miejsce Pays-Bas
93%
2004 3 miejsce Pays-Bas
93%
2024 3 miejsce Pays-Bas
93%
1972 3 miejsce Belgique
91%
1980 2 miejsce Belgique
91%
2004 1 miejsce Grèce
86%
1964 4 miejsce Danemark
85%
1984 3 miejsce Danemark
85%
1992 1 miejsce Danemark
85%
2020 3 miejsce Danemark
85%
1992 3 miejsce Suède
83%
2008 3 miejsce Russie
81%
1964 3 miejsce Hongrie
74%
1972 4 miejsce Hongrie
74%
1960 1 miejsce f f f URSS
73%
1964 2 miejsce URSS
73%
1968 4 miejsce URSS
73%
1972 2 miejsce URSS
73%
1988 2 miejsce URSS
73%
2008 3 miejsce Turquie
72%
2016 3 miejsce Pays de Galles
70%
1960 2 miejsce Yougoslavie
70%
1968 2 miejsce Yougoslavie
70%
1976 4 miejsce Yougoslavie
70%
1996 2 miejsce République Tchèque
68%
2004 3 miejsce République Tchèque
68%
1960 3 miejsce Tchécoslovaquie
65%
1976 1 miejsce Tchécoslovaquie
65%
1980 3 miejsce Tchécoslovaquie
65%
Aucun quiz correspondant
Distribution des résultats
% des personnes avec chaque résultat
Percentile par nombre de réponses
Votre historique - résultats
Vous n’avez pas pris ce quiz